Príbeh jedného života

Bibliographic Details
Main Author: Maupassant, Guy de, 1850-1893 (Author)
Other Authors: Bártová, Miroslava, 1917-2002 (Translator)
Format: Book
Language:Slovak
French
PhysicalDescription:175 s. 20 cm
Published: Bratislava Belimex 2001
ISBN:8085327651
Series:Svetoví autori
Subjects:

MARC

LEADER 00000cam a2200000 a 4500
001 vtls001418991
003 SK-MaSNL
005 20260301072244.0
008 240315s2001 xo r 000 f slo
015 |a SNBA2001/10-03563 
020 |a 8085327651 
035 |a SNK000373798 
035 |a urn:nbn:sk:snk-amjd2k 
035 |a urn:nbn:sk:snk-am002mn3 
035 |a 22E1C2F1-0523-4BDA-85A5-1FFC512710CD 
040 |a SNK  |b slo  |c SNK  |e AACR2 
041 1 |a slo  |h fre 
044 |a xo  |c SK 
080 |a 840-3  |2 1981 
100 1 |a Maupassant, Guy de,  |d 1850-1893  |4 aut  |9 85622 
245 1 0 |a Príbeh jedného života  |c Guy de Maupassant ; [z francúzskeho originálu preložila Miroslava Bártová] 
260 |a Bratislava  |b Belimex  |c 2001 
300 |a 175 s.  |c 20 cm 
490 1 |a Svetoví autori 
500 |a Údaj o prekl. prevzatý z rubu tit. strany 
650 0 7 |a romány psychologické francúzske  |2 SNK  |9 388977 
655 7 |a francúzske romány  |2 SNKPH  |9 70252 
700 1 |a Bártová, Miroslava,  |d 1917-2002  |4 trl  |9 203682 
830 0 |a Svetoví autori  |9 365658 
919 |a 80-85327-65-1 
958 |a TL 
958 |a UP 
958 |a NS 
958 |a LX 
958 |a FR 
968 |b FR 
999 |c 640481  |d 642411 
952 |t P60, <03>, [BOOK], {603}  |a SNK  |b SNK  |y PREZ  |7 0  |p 17A0312131  |o snkSD 71766  |i snkKSP 10000/2001  |0 0  |1 0  |4 0  |d 2001-08-23  |l 0  |r 2005-01-02 00:00:00  |w 2026-02-23 
952 |t P60, <04>, [BOOK], {604}  |a SNK  |b SNK  |y VYP  |7 0  |p 17A0312132  |o snkSD 71766 D1  |i snkKSP 10001/2001  |0 0  |1 0  |4 0  |d 2001-08-23  |f 1  |l 0  |r 2005-01-02 00:00:00  |w 2026-02-23